<?xml version="1.0" encoding="UTF-8"?>
<record
    xmlns:xsi="http://www.w3.org/2001/XMLSchema-instance"
    xsi:schemaLocation="http://www.loc.gov/MARC21/slim http://www.loc.gov/standards/marcxml/schema/MARC21slim.xsd"
    xmlns="http://www.loc.gov/MARC21/slim">

  <leader>01336nam a22002537a 4500</leader>
  <controlfield tag="005">20151201085954.0</controlfield>
  <controlfield tag="008">151201b        mx||||| |||| 00| 0 spa d</controlfield>
  <datafield tag="020" ind1=" " ind2=" ">
    <subfield code="a">9786070300523</subfield>
  </datafield>
  <datafield tag="050" ind1="0" ind2="4">
    <subfield code="a">HX13 .A3</subfield>
    <subfield code="b">V53 2009</subfield>
  </datafield>
  <datafield tag="111" ind1="2" ind2=" ">
    <subfield code="a">Conferencia Internacional "Victor Serge y el socialismo antitotalitario" (2001 : Mosc&#xFA; )</subfield>
  </datafield>
  <datafield tag="245" ind1="0" ind2="0">
    <subfield code="a">Victor Serge : humanismo socialista contra totalitarismo : </subfield>
    <subfield code="b">materiales de la conferencia cient&#xED;fica internacional, (Mosc&#xFA;, 29-30 de Septiembre de 2001) /</subfield>
    <subfield code="c">A. V. G&#xFA;siev, editor ; Ludmila Biriukova y Bernardo Mayorga, editores de la versi&#xF3;n en espa&#xF1;ol ; tr. Ludmila Biriukova ...[et al.]</subfield>
  </datafield>
  <datafield tag="250" ind1=" " ind2=" ">
    <subfield code="a">1a ed.</subfield>
  </datafield>
  <datafield tag="260" ind1=" " ind2=" ">
    <subfield code="a">M&#xE9;xico : </subfield>
    <subfield code="b">Siglo XXI ; Benemerita Universidad Aut&#xF3;noma de Puebla, Instituto de Ciencias Sociales y Humanidadea Alfonso V&#xE9;lez Pliego, </subfield>
    <subfield code="c">2009</subfield>
  </datafield>
  <datafield tag="300" ind1=" " ind2=" ">
    <subfield code="a">182 p ;</subfield>
    <subfield code="c">21 cm</subfield>
  </datafield>
  <datafield tag="490" ind1=" " ind2="0">
    <subfield code="a">El hombre y sus obras</subfield>
  </datafield>
  <datafield tag="500" ind1=" " ind2=" ">
    <subfield code="a">Traducci&#xF3;n de: Victor Serge: sotsialist&#xED;cheskii gumanizm pr&#xF3;tiv totalitarizma, materialy mezhdunarodnoi na&#xFA;chnoi konferentsi</subfield>
  </datafield>
  <datafield tag="600" ind1="1" ind2=" ">
    <subfield code="a">Serge, Victor, </subfield>
    <subfield code="d">1890-1947 </subfield>
    <subfield code="x">Congresos</subfield>
  </datafield>
  <datafield tag="650" ind1=" " ind2="4">
    <subfield code="a">Socialismo</subfield>
    <subfield code="x">Congresos</subfield>
  </datafield>
  <datafield tag="650" ind1=" " ind2="4">
    <subfield code="a">Totalitarismo </subfield>
    <subfield code="x">Congresos</subfield>
  </datafield>
  <datafield tag="650" ind1=" " ind2="4">
    <subfield code="x">Politica y gobierno -- Congresos</subfield>
    <subfield code="z">Union Sovietica </subfield>
  </datafield>
  <datafield tag="700" ind1="1" ind2=" ">
    <subfield code="a">Biriukova, Ludmila, </subfield>
    <subfield code="e">tr.</subfield>
  </datafield>
  <datafield tag="700" ind1="1" ind2=" ">
    <subfield code="a">T&#xE9;llez Gir&#xF3;n L&#xF3;pez, Ricardo, </subfield>
    <subfield code="e">tr.</subfield>
  </datafield>
  <datafield tag="942" ind1=" " ind2=" ">
    <subfield code="2">lcc</subfield>
    <subfield code="c">LIB</subfield>
  </datafield>
  <datafield tag="999" ind1=" " ind2=" ">
    <subfield code="c">110024</subfield>
    <subfield code="d">110024</subfield>
  </datafield>
  <datafield tag="952" ind1=" " ind2=" ">
    <subfield code="1">0</subfield>
    <subfield code="2">lcc</subfield>
    <subfield code="4">0</subfield>
    <subfield code="7">0</subfield>
    <subfield code="a">LIC-020</subfield>
    <subfield code="b">LIC-020</subfield>
    <subfield code="c">GENERAL</subfield>
    <subfield code="d">2015-12-01</subfield>
    <subfield code="f">1a ed.</subfield>
    <subfield code="k">EH</subfield>
    <subfield code="o">HX13 .A3 V53 2009</subfield>
    <subfield code="p">BFF000014487</subfield>
    <subfield code="r">2015-12-01 00:00:00</subfield>
    <subfield code="t">1</subfield>
    <subfield code="y">LIB</subfield>
  </datafield>
</record>
